Countries Of North America - Statistics

General Stats
  • This quiz has been taken 69 times
  • The average score is 17 of 23
Answers on the Map
Answers color-coded by a green-red scale on the quiz's map according to % correct below.
 
Answer Stats
Answer % Correct
Canada
100%
United States
100%
Mexico
95%
Jamaica
86%
Bahamas
82%
Honduras
82%
Panama
82%
Costa Rica
77%
Cuba
77%
Haiti
77%
Barbados
73%
Dominican Republic
73%
Nicaragua
73%
Belize
68%
Dominica
68%
El Salvador
68%
Guatemala
68%
Saint Kitts and Nevis
64%
Trinidad and Tobago
64%
Saint Lucia
59%
Saint Vincent and the Grenadines
59%
Antigua and Barbuda
55%
Grenada
55%
No matching quizzes found
Score Distribution
Percent of People with Each Score
Percentile by Number Answered
Your Score History
You have not taken this quiz